Civil Liberties : (Record no. 181)

MARC details
000 -LEADER
fixed length control field 00809cam a2200253 a 4500
003 - CONTROL NUMBER IDENTIFIER
control field OSt
005 - DATE AND TIME OF LATEST TRANSACTION
control field 20171028144723.0
008 - FIXED-LENGTH DATA ELEMENTS--GENERAL INFORMATION
fixed length control field 090304s2009 enk b 001 0 eng
010 ## - LIBRARY OF CONGRESS CONTROL NUMBER
LC control number 2009009541
020 ## - INTERNATIONAL STANDARD BOOK NUMBER
International Standard Book Number 9780199218554
020 ## - INTERNATIONAL STANDARD BOOK NUMBER
International Standard Book Number 0199218552
040 ## - CATALOGING SOURCE
Original cataloging agency LDCLIB
Transcribing agency LDCLIB
082 00 - DEWEY DECIMAL CLASSIFICATION NUMBER
Classification number 342.085026
Edition number 22
Item number BAL
100 1# - MAIN ENTRY--PERSONAL NAME
Personal name Bailey, S. H.
9 (RLIN) 522
245 10 - TITLE STATEMENT
Title Civil Liberties :
Remainder of title cases, materials, and commentary /
Statement of responsibility, etc S.H. Bailey, N. Taylor and A. McColgan.
250 ## - EDITION STATEMENT
Edition statement 6th ed.
260 ## - PUBLICATION, DISTRIBUTION, ETC. (IMPRINT)
Place of publication, distribution, etc Oxford ;
-- New York :
Name of publisher, distributor, etc Oxford University Press,
Date of publication, distribution, etc 2009.
300 ## - PHYSICAL DESCRIPTION
Extent lvi, 1006 p. ;
Dimensions 25 cm.
504 ## - BIBLIOGRAPHY, ETC. NOTE
Bibliography, etc Includes bibliographical references and index.
650 #0 - SUBJECT ADDED ENTRY--TOPICAL TERM
Topical term or geographic name as entry element Civil rights
Geographic subdivision Great Britain
Form subdivision Cases.
9 (RLIN) 523
700 1# - ADDED ENTRY--PERSONAL NAME
Personal name Taylor, N. W.
Fuller form of name Nick W.
9 (RLIN) 524
700 1# - ADDED ENTRY--PERSONAL NAME
Personal name McColgan, Aileen.
9 (RLIN) 525
942 ## - ADDED ENTRY ELEMENTS (KOHA)
Source of classification or shelving scheme Dewey Decimal Classification
Koha item type Books
Holdings
Withdrawn status Lost status Source of classification or shelving scheme Damaged status Not for loan Home library Current library Shelving location Date acquired Total Checkouts Full call number Barcode Date last seen Price effective from Koha item type
    Dewey Decimal Classification     Law Development Centre Main Library Law Development Centre Main Library Text Books and Laws 04/09/2011   342.73085 BAI 208/010 04/09/2011 04/09/2011 Books
    Dewey Decimal Classification     Law Development Centre Main Library Law Development Centre Main Library Text Books and Laws 04/09/2011   342.73085 BAI 209/010 04/09/2011 04/09/2011 Books